| 000 | 00793nam a2200253Ia 4500 | ||
|---|---|---|---|
| 003 | OSt | ||
| 005 | 20220923211335.0 | ||
| 006 | a|||||r|||| 00| 0 | ||
| 007 | ta | ||
| 008 | Pun | ||
| 020 |
_a9788182992436 (hbk) _c450 |
||
| 024 | _a284,429 | ||
| 037 |
_b940, 27/03/2015, H.K. Prakashan _cTextual |
||
| 040 |
_aARTS _cARTS _bPun |
||
| 041 |
_2Pun _aPun |
||
| 082 | _aO153,6(U8)x, Q2 | ||
| 100 | _aਕੁਲਵੀਰ, ਥਦ. | ||
| 245 | 0 | _aਦੁਨੀਆਂ ਰੰਗ ਬਿਰੰਗੀ | |
| 260 |
_aਦਿੱਲੀ _b ਆਰਸੀ ਪਬਲਿFਰਗ਼ _c2012 |
||
| 300 |
_a152ਪੰ _ccm. |
||
| 650 | _aਪੰਜਾਬੀ ਸਾਹਿਤ | ||
| 942 |
_hO153,6(U8)x, Q2 _cTEXL _2CC |
||
| 999 |
_c298614 _d298614 |
||